| 000 | 00573nam a2200205Ia 4500 | ||
|---|---|---|---|
| 003 | GCL | ||
| 008 | 140319s9999 xx 000 0 eng d | ||
| 020 | _a9958933217 | ||
| 040 |
_aGCL / _cGCL |
||
| 082 | 0 | 4 |
_a355.4 _bL B |
| 100 | 1 | _aLUCAREVIC, KERIM | |
| 245 | 1 | 0 |
_aTHE BATTLE FOR SARAJEVO : _bSENTENCED TO VICTORY / _cLUCAREVIC, KERIM |
| 260 |
_a[S.N] : _bTZU ، _c2000 |
||
| 300 |
_a21 CM ؛ _c301 P |
||
| 650 | 0 | 4 | _aWAR CRIMES |
| 650 | 0 | 4 | _aYUGOSLAV WAR, 1991 - BOSNIA AND HERCEGOVINA |
| 650 | 0 | 4 | _aYUGOSLAVIA - HISTORY |
| 650 | 0 | 4 | _aSARAJEVO WAR |
| 942 |
_2ddc _cBK |
||
| 999 |
_c9564 _d9564 |
||